Κατάλογος Βιβλιοθηκών Mediterranean College

The Theory of Economic Growth / An Introduction (Record no. 4092)

MARC details
000 -LEADER
fixed length control field 01587cam a22002054a 4500
005 - ΗΜΕΡΟΜΗΝΙΑ ΚΑΙ ΩΡΑ ΤΕΛΕΥΤΑΙΑΣ ΕΝΗΜΕΡΩΣΗΣ
Πεδίο ελέγχου 20250605164136.0
008 - FIXED-LENGTH DATA ELEMENTS--GENERAL INFORMATION
Πεδίο ελέγχου σταθερού μήκους 250528s ||||||||||||||||||||||||d
035 ## - SYSTEM CONTROL NUMBER
System control number 18779
020 ## - ISBN
ISBN 333235711
040 ## - ΠΗΓΗ ΚΑΤΑΛΟΓΟΓΡΑΦΗΣΗΣ
Φορέας πρωτότυπης καταλογογράφησης MC Athens Campus Library
Γλώσσα καταλογογράφησης Ελληνικά, Μοντέρνα (1453-)
Modifying agency MC Athens Campus Library
Κανόνες περιγραφικής καταλογογράφησης AACR2
245 1# - ΤΙΤΛΟΣ ΚΑΙ ΔΗΛΩΣΗ ΥΠΕΥΘΥΝΟΤΗΤΑΣ
Τίτλος The Theory of Economic Growth / An Introduction
260 ## - PUBLICATION, DISTRIBUTION, ETC.
Date of publication, distribution, etc. 1979
300 ## - PHYSICAL DESCRIPTION
Extent 352
520 ## - SUMMARY, ETC.
Summary, etc. This textbook provides an introductory but comprehensive account of the modern theory of economic growth for intermediate-level and graduate students. Preface and Acknowledgements, Introduction, The Emergence of Modern Growth Theory - The Harrod-Domar Models, The Development of Modern Growth History - A Preview, Neo-Classical Growth Theory, Fixed Versus Variable Coefficients - The Neo-Classical Approach, The One-Good Model without Technical Progress - The Simplest Case, The Two-Sector Model without Technical Progress, Technical Progress and Productivity Growth and Steady States, Technical Progress - Theories of Bias and Neutrality, Technical Progress at an Endogenous Rate, Neo-Keynesian Growth History, Neo-Keynesian Criticisms of Neo-Classical Theory, Income Distribution and Effective Demand, Full Employment and Saving and the Flexibility of Profit Margins, Investment and Growth - Kaldor's Growth Model, Steady Growth and Economic History, Stylized Facts and Steady Growth and Structural Change, Stylized Facts and Historical Statistics, Notes and References, Bibliography, Index.
700 1# - ΠΡΟΣΘΕΤΗ ΑΝΑΓΡΑΦΗ--ΦΥΣΙΚΟ ΠΡΟΣΩΠΟ
Personal name Hacche Graham
9 (RLIN) 5023
710 2# - ΠΡΟΣΘΕΤΗ ΑΝΑΓΡΑΦΗ--ΣΥΛΛΟΓΙΚΟ ΟΡΓΑΝΟ
Corporate name or jurisdiction name as entry element Macmillan Company
9 (RLIN) 9720
942 ## - ADDED ENTRY ELEMENTS (KOHA)
Koha item type Books
Holdings
Τύπος τεκμηρίου Βιβλιοθήκη Τρέχουσα τοποθεσία Barcode Αριθμός εισαγωγής Ημερομηνία απόκτησης Ταξιθετικό σύμβολο Αριθμός αντιτύπου Κατάσταση απόσυρσης Κατάσταση χαμένου Κατάσταση κατεστραμμένου Μη δανεισμός Σύνολο δανεισμών Ημερομηνία τελευταίας εμφάνισης Η τιμή ισχύει από
Books MC Athens Campus Library MC Athens Campus Library 9780000040916 3690 05/06/2025 339.5 HAC 2           05/06/2025 05/06/2025

MC Athens Campus Library
Πατησίων 94 & Κοδριγκτώνος 13, 104 34
Πελλήνης 8 & Πατησίων 107, 112 51
Τ: +30 210 8899600

MC Thessaloniki Campus Library
Ίωνος Δραγούμη 21, 54625 | Ίωνος Δραγούμη 15, 54625
Τ: +30 2310 287779 – Τ: +30 2314 440300